Idina Menzel Charting Songs (Billboard Hot 100) - Statistics

General Stats
  • This quiz has been taken 43 times
  • The average score is 4 of 6
Answer Stats
Album Weeks On Peak Artist(s) Song % Correct
Frozen 33 Weeks #5 Idina Menzel Let It Go
100%
Frozen II 12 Weeks #46 Idina Menzel & AURORA Into the Unknown
80%
Frozen II 3 Weeks #70 Idina Menzel & Evan Rachel Wood Show Yourself
60%
Frozen 19 Weeks #57 Kristen Bell & Idina Menzel For the First Time in Forever
53%
Holiday Wishes 1 Week #78 Idina Menzel Duet with Michael Buble Baby It's Cold Outside
50%
Glee: The Music, Volume 3 Showstoppers 2 Weeks #31 Glee Cast ft. Idina Menzel I Dreamed a Dream
23%
No matching quizzes found
Score Distribution
Percent of People with Each Score
Percentile by Number Answered
Your Score History
You have not taken this quiz